A miniszterek államjogi felelősségének a tartalma

Elmentve itt :
Bibliográfiai részletek
Szerző: Feketekuti Mankovics László
Dokumentumtípus: Cikk
Megjelent: 1937
Sorozat:Kolligátum
Kulcsszavak:Felelősség - államigazgatás - magyar, Alkotmányjog - magyar
Online Access:http://misc.bibl.u-szeged.hu/23008
LEADER 00623nab a2200169 i 4500
001 misc23008
005 20191111110447.0
008 170829s1937 hu o 0|| zxx d
040 |a SZTE Miscellanea Repozitórium  |b hun 
041 |a zxx 
100 2 |a Feketekuti Mankovics László 
245 1 2 |a A miniszterek államjogi felelősségének a tartalma  |h [elektronikus dokumentum] /  |c  Feketekuti Mankovics László 
260 |c 1937 
300 |a 1-37 
490 0 |a Kolligátum 
695 |a Felelősség - államigazgatás - magyar, Alkotmányjog - magyar 
856 4 0 |u http://misc.bibl.u-szeged.hu/23008/1/08571_001-037.pdf  |z Dokumentum-elérés